01345nam a22003374a 4500001001100000003000800011006001900019007001500038008004100053010001700094020002100111020002100132040002100153035002100174050002300195082001200218245014700230260004400377300002300421504005100444533015200495650003200647650003900679650002800718650003100746655002900777700004600806710001700852856012500869999001300994ebr5003544CaPaEBRm u cr cn|||||||||990427s2000 enka sb 101 0 eng  z 99030607  z0415192374 (hb.) z0415192382 (pb.) aCaPaEBRcCaPaEBR a(OCoLC)15064605614aHM753b.S54 2000eb04a30522100aSignifying identitiesh[electronic resource] :banthropological perspectives on boundaries and contested values /cedited by Anthony P. Cohen. aLondon ;aNew York :bRoutledge,c2000. avi, 178 p. :bill. aIncludes bibliographical references and index. aElectronic reproduction.bPalo Alto, Calif. :cebrary,d2013.nAvailable via World Wide Web.nAccess may be limited to ebrary affiliated libraries. 0aGroup identityvCongresses. 0aIdentity (Psychology)vCongresses. 0aBoundariesvCongresses. 0aSocial groupsvCongresses. 7aElectronic books.2local1 aCohen, Anthony P.q(Anthony Paul),d1946-2 aebrary, Inc.40uhttp://site.ebrary.com/lib/rucke/Doc?id=5003544zAn electronic book accessible through the World Wide Web; click to view c175d175